000 00373nam a2200145Ia 4500
008 100122s9999 xx 000 0 und d
082 _b18167
_a823.08
100 _aWOLLHEN DONALD A
245 _aADVENTURES ON OTHER PLANTS
260 _bACE BOOKS INC
300 _a190
630 _aADVENTURES ON OTHER PLANTS
730 _aADVENTURES ON OTHER PLANTS
942 _cBOOK
999 _c365576
_d365573